000 00996cam a2200229 4500
001 WB3828-10
008 020801n2002 000 0 eng u
035 _a(Sirsi) u119147
245 _aArrears and repossessions warning
260 _c2002
490 _aCouncil of Mortgage Lenders Press Release
_v 31 July 2002, (2)
520 _aCouncil of Mortgage Lenders has warned that growing unemployment and slower house price increases are set to produce a rise in arrears and repossessions. This follows a six month period at beginning of 2002 when a combination of low unemployment and interest rates, and rising property prices, had produced favourable conditions for home-owners. www.cml.org.uk/servlet/dycon/zt-cml/cml/live/en/cml/press_releases_2002_0731
590 _aWB
650 _aMORTGAGES
650 _aMORTGAGE LENDERS
650 _aINTEREST RATES
650 _aPROPERTY PRICES
650 _aMORTGAGE ARREARS
650 _aREPOSSESSIONS
690 _aHOUSING
942 _n0
999 _c70873
_d70873